Профілі (Запис № 17300)

000 -Маркер запису
Контрольне поле сталої довжини 01825nam a22002537a 4500
003 - Належність контрольного номера
Контрольне поле Uzh_bibl
008 - Кодовані дані
Контрольне поле сталої довжини 260409b |||||||| |||| 00| 0 ukr d
020 ## - Індекс ISBN
ISBN 966-7379-95-6
Ціна 1.50
040 ## - Джерело каталогіз.
Служба первин.кат. укр.
041 ## - Код мови видання
Код мови оригіналу українська
Код мови тексту українська
080 ## - Індекс УДК
Індекс УДК 821(477)
090 ## - Шифри
Поличний індекс 821(477)
Авторський знак П 52
100 ## - Автор
Автор Полтава, Леонід
245 ## - Назва
Назва Профілі
Фізичний носій Текст
260 ## - Вихідні дані
Місце видання Львів
Видавництво Логос
Дата видання 2001
300 ## - Фізичний опис
Обсяг 218 с.
520 ## - Анотація
Анотація Збірка творів відомого поета діаспори Леоніда Полтави виходять в Україні з нагоди його 80-літнього ювілею. Твори просякнуті любов'ю до рідного краю, донедавна не мали змогу бути друковані на Батьківщині, тож певною мірою ім'я поета є новим для співвітчизників. Видання буде корисним шанувальникам української поезії та вчителям літератури, філологам, історикам.
521 ## - Примітка про цільове призначення
Примітка про цільове призначення Для широкого кола читачів
546 ## - Примітка про мову
Примітка про мову укр.
650 ## - Тематичні рубрики
Основна рубрика Літературно-художнє видання
Хронологічна підрубрика Різні історичні періоди ХХ століття, а також умовний, філософськи осмислений час
Географічна підрубрика Події мають узагальнений характер і розгортаються в різних місцях (Україна, інколи інші країни), залежно від окремої поеми
653 ## - Ключові слова
Ключові слова Історія
-- Людина
-- Доля
-- Пам’ять
-- Образ
655 ## - Термін індексування — жанр/форма
Жанр/форма Поеми (ліро-епічна поезія)
Типове ділення Поеми
942 ## - ADDED ENTRY ELEMENTS (KOHA)
Джерело класифікації чи схема поличного розташування
Koha item type Книги
Фонди
Статус вилучення Статус втрати/відсутності Джерело класифікації чи схема поличного розташування Статус пошкодження Тип обігу (не для випозичання) Постійне розташування Поточне розташування Розташування у відділі Дата надходження Інвентарний номер Total Checkouts Повний (примірниковий) шифр зберігання Штрих-код Date last seen Дата, для якої чинна ціна заміни Тип одиниці (рівень примірника)
          Публічна бібліотека Публічна бібліотека Абонемент 09/04/2026 52948   821(477) 20145 09/04/2026 09/04/2026 Книги

Працює на АБІС Коха